|
|
|
|
| LEADER |
01151nam a2200277 u 4500 |
| 001 |
10114388 |
| 003 |
upatras |
| 005 |
20210117205207.0 |
| 008 |
141024s1966 us eng |
| 040 |
|
|
|a GR-PaULI
|c GR-PaULI
|
| 041 |
0 |
|
|a eng
|
| 082 |
0 |
4 |
|a 517.52
|
| 100 |
1 |
|
|a Karlin, Samuel
|d 1923-2007
|4 aut
|9 37023
|
| 245 |
1 |
0 |
|a Tchebycheff systems
|b with applications in analysis and statistics
|c [by] Samuel Karlin [and] William J. Studden
|
| 260 |
|
|
|a New York
|b Interscience Publishers
|c 1966
|
| 300 |
|
|
|a xviii, 586 σ.
|c 23 εκ.
|
| 490 |
1 |
|
|a Pure and applied mathematics
|v 15
|
| 504 |
|
|
|a Περιέχει βιβλιογραφία και ευρετήριο
|
| 650 |
|
4 |
|a Συστήματα Chebyshev
|9 141480
|
| 700 |
1 |
|
|a Studden, William J.
|4 aut
|9 141481
|
| 760 |
1 |
|
|a Pure and applied mathematics
|g 15
|
| 852 |
|
|
|a GR-PaULI
|b ΠΑΤΡΑ
|b ΒΚΠ
|b ΒΣ1
|k ΑΣΧΞ
|h 517.52 KAR
|m 125018
|p 025000037926
|t 1
|
| 942 |
|
|
|2 ddc
|c BK15
|
| 952 |
|
|
|0 0
|1 0
|4 0
|6 517_520000000000000_KAR
|7 0
|9 171365
|a LISP
|b LISP
|c REF
|d 2016-04-24
|i 125018
|l 0
|o 517.52 KAR
|p 025000037926
|r 2016-04-24 00:00:00
|t 1
|w 2016-04-24
|y BKN
|
| 998 |
|
|
|c ΜΠΟΥΡΑΣ
|d 2014-10
|
| 999 |
|
|
|c 107224
|d 107224
|